El individuo y la reforma social / (Record no. 164781)

MARC details
000 -LEADER
campo de control de longitud fija 00643nam a22001815i 4500
001 - NÚMERO DE CONTROL
campo de control 164781
003 - IDENTIFICADOR DE NÚMERO DE CONTROL
campo de control ES-MaACL
005 - FECHA Y HORA DE LA ÚLTIMA TRANSACCIÓN
campo de control 20250925063046.0
008 - DATOS DE LONGITUD FIJA--INFORMACIÓN GENERAL
campo de control de longitud fija 950206s1896 sp |||| | spa d
040 ## - FUENTE DE CATALOGACIÓN
Centro catalogador/agencia de origen CLM
100 1# - ENTRADA PRINCIPAL--NOMBRE DE PERSONA
Nombre de persona Sanz y Escartín, Eduardo,
Fechas asociadas al nombre 1855-1939
9 (RLIN) 103695
245 13 - MENCIÓN DEL TÍTULO
Título El individuo y la reforma social /
Mención de responsabilidad, etc. por Eduardo Sanz y Escartín.
260 ## - PUBLICACIÓN, DISTRIBUCIÓN, ETC.
Lugar de publicación, distribución, etc. Madrid :
Nombre del editor, distribuidor, etc. [s.n.],
Fecha de publicación, distribución, etc. 1896 (
Fabricante Imp., Fund. y Fáb. de tintas de las Hijas de J.A. García)
300 ## - DESCRIPCIÓN FÍSICA
Extensión 448 p. ;
Dimensiones 22 cm.
650 #4 - PUNTO DE ACCESO ADICIONAL DE MATERIA--TÉRMINO DE MATERIA
Término de materia o nombre geográfico como elemento de entrada España-
Subdivisión general Política social-
Subdivisión cronológica S.XIX.
9 (RLIN) 224067
852 ## - LOCALIZACIÓN
Ubicación ES-MaACL
Número de control de estantería F-11117
Nota libre -- Enc. pasta española
Holdings
Estatus retirado Estado de pérdida Estado de daño No para préstamo Colección Biblioteca de origen Biblioteca actual Ubicación en estantería Fecha de adquisición Fuente de adquisición Total de préstamos Signatura topográfica completa Código de barras Visto por última vez Precio de reemplazo Tipo de ítem Koha
        Libros del s. XIX Biblioteca del Ateneo de Madrid Biblioteca del Ateneo de Madrid Sala Pecera Planta 2 17/01/2008     F-11117 1172737 23/02/2023 23/02/2023 Libro impreso antiguo